00689 2200241 4500001002100000005001700021008004100038020002200079035002400101082000800125090001100133245009800144260002800242300002600270500001100296650002200307700002800329700001800357700001800375901001800393990001800411999001800429YOGYA-0411000000014720110404121708.0 ind  a978-979-033-316-1 0010-041100000000147 A503 aEenlR aE.Encyclopedia Sains/penerjemah, Damaring Tyas Wulandari,Broto Raharjo ; editor Henny Raymond aJakartabErlanggac2008 a384 hlmbilus ; 28 cm aindeks aSains-Ensiklopedi aWulandari,Damaring Tyas aRaharjo,Broto aRaymond,Henny a50682-PD/B.10 a50683-PD/B.10 a50684-PD/B.10